00353nam a22001097a 450000500170000000800410001702200180005808200220007624500720009826000500017030000230022020190313093818.0190313b ||||| |||| 00| 0 eng d a9789993628651 a315.498 N27t 2018 a2017 population & housing census of Bhutan ;bTrashigang Dzongkhag. aThimphu :bNational Statisitcs Bureau,c2018. aviii, 77 pc24 cm.